Cuaderno de Derecho Internacional : Realidad y perspectivas de los procesos de integración /
Guardado en:
| Formato: | Libro |
|---|---|
| Idioma: | Spanish |
| Publicado: |
Córdoba :
Academia,
2009
|
| Edición: | 1º ed. |
| Materias: | |
| Etiquetas: |
Agregar Etiqueta
Sin Etiquetas, Sea el primero en etiquetar este registro!
|
| LEADER | 00608nam a22001815a 4500 | ||
|---|---|---|---|
| 001 | DER.der011975 | ||
| 005 | 20140926000000.0 | ||
| 008 | 180615s2009####||||||||||||||||||||spa|| | ||
| 020 | |a 978-987-1123-53-7 | ||
| 245 | 1 | 0 | |a Cuaderno de Derecho Internacional : |b Realidad y perspectivas de los procesos de integración / |c Número IV |
| 250 | |a 1º ed. | ||
| 260 | |a Córdoba : |b Academia, |c 2009 | ||
| 300 | 0 | |a 153 p. | |
| 653 | |a DERECHO INTERNACIONAL | ||
| 653 | |a ORGANIZACION INTERNACIONAL | ||
| 653 | |a DERECHOS HUMANOS | ||
| 859 | |a DERECHO |b BIB. DERECHO |h 341 |i ACA |p 006767 | ||
| 859 | |a DERECHO |b BIB. DERECHO |h 341 |i ACA |p 006768 | ||
